000 01928cad a22003135a 4500
001 L154214
008 111101s2011 xxk f 000 0 eng u
020 _a9781842197240
035 _a(Sirsi) u154214
041 0 _aeng
050 0 4 _a549.66 $2 18
110 2 _aRoyal Institution of Chartered Surveyors
_94900
245 0 0 _aAsbestos and its implications for surveyors and their clients
_bRICS guidance note
_c[Old edition]
250 _a3rd ed.
260 _aCoventry
_bRICS
_c2011
300 _avi, 101p.
_c30cm.
490 0 _aRICS Guidance Note
_v38/2011
505 2 _aIntroduction -- Risk to surveyors -- Surveyors' responsibilities -- Responsibility of others (employer, landlord, tenant and occupant) -- Services offered by surveyors -- Limitations and exclusions -- Insurance -- Asbestos survey -- Sampling asbestos -- Management plan -- Types of property -- Asbestos removal -- Encapsulation -- Environmental clean -- Demolition and land clearance -- Appendices
520 _aAims to give readers practical guidance on the various issues surrounding asbestos, with particular regard to its use in buildings and structures. Helps readers understand the dangers to health and business, how to protect PI insurance, how to comply with the latest legislation and regulations, and the implementation of an effective management plan.
520 _aSupersedes the second edition (ISBN 9781842194508).
520 _aSuperseded by the fourth edition (ISBN 9781783214228)
521 _aAdvanced
590 _aKA
650 2 4 _aCONTROL OF ASBESTOS REGULATIONS 2006
651 4 _aUnited Kingdom
690 _aMANAGEMENT-HEALTH AND SAFETY-HAZARDOUS SUBSTANCES-ASBESTOS
856 4 1 _uhttps://www.isurv.com/downloads/file/158/archive_asbestos_and_its_implications_for_surveyors_and_their_clients_3rd_edition_2011-may_2021
_zItem superseded. Archive copy available on isurv (subscription required)
942 _n0
_2ddc
999 _c112887
_d112887